Leader xxxxxxxxxx
001 __ PCLIS00009500
005 __ 20220105115956.0
010 0_ |b上下冊 : 精裝|dNT$600
100 __ |a19870509d1996 m y0chiy09 e
101 0_ |achi
102 __ |atw
105 __ |aa z 000yy
200 1_ |a民間趣談|f臺灣傳奇編輯委員會編著|g范純甫主編
205 __ |a一版
210 __ |a臺北市|c華嚴|d民85[1996]
215 0_ |a2冊(565面)|d22公分
225 2_ |a台灣傳奇
300 __ |a傳奇-台灣
410 _1 |12001 |a台灣傳奇
681 __ |a539.533|b8645
681 __ |a539.527|b8673 87 V2
681 __ |a539.527|b4425
681 __ |a539.5|b8635 88 V.8
681 __ |a539.5|b8635 88 V.9
702 _1 |a范|b純甫|4主編
710 02 |a台灣傳奇編委會|4編著
801 _0 |atw|bCSL|c20010815|gCCR|m4
801 _0 |atw|b內湖高中|c20010622
801 _2 |atw|b內湖高中|c20220105|gCCR
|